[Event "Europa ch Femenino 2013"]
[Site "Belgrado SER"]
[Date "2013.07.25"]
[Round "3.3"]
[White "Pogonina, Natalija"]
[Black "Schleining, Zoya"]
[Result "1/2-1/2"]
[WhiteElo "2478"]
[BlackElo "2368"]
[PlyCount "136"]
[EventDate "2013.07.23"]
[EventType "swiss"]
[EventRounds "11"]
[EventCountry "SER"]
[Source "lmi"]
[SourceDate "2013.07.22"]

1. e4 c5 2. Nf3 e6 3. d4 cxd4 4. Nxd4 Nc6 5. Nc3 Qc7 6. Be2 a6 7. O-O Nf6 8.
Be3 Bb4 9. Na4 O-O 10. c4 Be7 11. Nc3 Rd8 12. Rc1 b6 13. a3 Bc5 14. b4 Bxd4 15.
Bxd4 Nxd4 16. Qxd4 d6 17. Rfd1 Bb7 18. Bf3 Rab8 19. Ne2 Rbc8 20. Qe3 Bc6 21.
Ng3 Ba4 22. Re1 Bd7 23. h3 h6 24. Be2 a5 25. Rb1 Ra8 26. bxa5 bxa5 27. Qb6 Qxb6
28. Rxb6 Ba4 29. Bd3 Kf8 30. f4 Ke7 31. Kf2 Nd7 32. Rb2 Nc5 33. Ke3 Bb3 34.
Reb1 a4 35. Be2 g6 36. Rc1 Rac8 37. Rbb1 Rb8 38. Rc3 f5 39. Rbc1 Ba2 40. Bf3
Bb1 41. Rd1 Rb2 42. exf5 gxf5 43. Rd2 Rxd2 44. Kxd2 Rg8 45. Bc6 Bd3 46. Ne2 Be4
47. Bb5 Bxg2 48. Re3 Bb7 49. Ke1 Be4 50. Kd2 Rg2 51. Rg3 Rh2 52. Ke3 Kf7 53.
Nc3 Bc2 54. Bc6 Bb3 55. Bg2 Bxc4 56. Kf2 Nd3+ 57. Kg1 Rxg2+ 58. Rxg2 Nxf4 59.
Rd2 d5 60. Nxa4 d4 61. Nb6 Ba6 62. Kf2 e5 63. Nd7 Ng6 64. a4 Ke7 65. Nxe5 Nxe5
66. Rxd4 Bc8 67. Rh4 Nf7 68. a5 Kd6 1/2-1/2

[Event "Europa ch Femenino 2013"]
[Site "Belgrado SER"]
[Date "2013.07.25"]
[Round "3.5"]
[White "Kovanova, Baira"]
[Black "Girya, Olga"]
[Result "1/2-1/2"]
[WhiteElo "2371"]
[BlackElo "2437"]
[PlyCount "123"]
[EventDate "2013.07.23"]
[EventType "swiss"]
[EventRounds "11"]
[EventCountry "SER"]
[Source "lmi"]
[SourceDate "2013.07.22"]

1. e4 c6 2. d4 d5 3. e5 Bf5 4. Nd2 e6 5. Nb3 Nd7 6. Nf3 Bg6 7. Be2 Nh6 8. O-O
Nf5 9. a4 h6 10. a5 Rc8 11. h3 Be7 12. c4 dxc4 13. Bxc4 O-O 14. Qe2 Re8 15. Rd1
Qc7 16. Bf4 b5 17. Bd3 Bf8 18. Rac1 a6 19. d5 exd5 20. g4 Nh4 21. Nxh4 Bxd3 22.
Qxd3 Nxe5 23. Bxe5 Qxe5 24. Qd4 Qxd4 25. Rxd4 Re2 26. Nd2 g6 27. Nhf3 Bg7 28.
Rxd5 Bxb2 29. Rc2 Ba3 30. Kf1 Ree8 31. Rd7 Re7 32. Rd4 c5 33. Nb1 Ra8 34. Rd1
Bb4 35. Nc3 Kg7 36. Ne2 Re4 37. Rd7 Rae8 38. Ra7 R8e6 39. Ng3 Rf4 40. Nh4 Bxa5
41. Nhf5+ Kh8 42. Nxh6 Kg7 43. Nhf5+ Kf6 44. Nh6 Kg7 45. g5 Bb6 46. Ra8 c4 47.
Ng4 Rd4 48. Ne2 Rd1+ 49. Kg2 Bd8 50. h4 Rc6 51. Rb8 Bc7 52. Rb7 Bd6 53. Nc3 Rd4
54. Nf6 Be5 55. Ncd5 c3 56. Re7 Bxf6 57. gxf6+ Kf8 58. Rxc3 Rxc3 59. Nxc3 Rd6
60. Nxb5 axb5 61. Rb7 Rxf6 62. Rxb5 1/2-1/2

[Event "Europa ch Femenino 2013"]
[Site "Belgrado SER"]
[Date "2013.07.25"]
[Round "3.6"]
[White "Melia, Salome"]
[Black "Manakova, Maria"]
[Result "1-0"]
[WhiteElo "2428"]
[BlackElo "2351"]
[PlyCount "93"]
[EventDate "2013.07.23"]
[EventType "swiss"]
[EventRounds "11"]
[EventCountry "SER"]
[Source "lmi"]
[SourceDate "2013.07.22"]

1. e4 c5 2. Nf3 Nc6 3. Bb5 Nf6 4. Bxc6 dxc6 5. d3 h6 6. O-O Qc7 7. e5 Nd5 8. c4
Nb6 9. Be3 Bg4 10. Bxc5 Bxf3 11. Qxf3 Qxe5 12. d4 Qc7 13. Nd2 e6 14. Bxf8 Kxf8
15. Rfe1 Kg8 16. Re4 Kh7 17. Rh4 Rhe8 18. Ne4 Qe7 19. Rh3 f5 20. c5 Nc8 21. Nd2
Qf6 22. Qc3 Ne7 23. Nc4 Nd5 24. Qd2 b6 25. b4 Rab8 26. Ne5 Rbc8 27. Re1 Re7 28.
a4 bxc5 29. dxc5 Rb7 30. b5 Ne7 31. b6 axb6 32. Nd7 Qf7 33. cxb6 Nd5 34. Ne5
Qe8 35. a5 c5 36. Nc4 Nb4 37. Qe2 Rc6 38. Re3 Re7 39. h3 Nd5 40. Re5 Qd7 41.
Rd1 Rf7 42. a6 Qc8 43. b7 Qc7 44. Rxe6 Nb4 45. Rxc6 Nxc6 46. Qe8 Re7 47. Qc8
1-0

[Event "Europa ch Femenino 2013"]
[Site "Belgrado SER"]
[Date "2013.07.25"]
[Round "3.1"]
[White "Savina, Anastasia"]
[Black "Guramishvili, Sopiko"]
[Result "1/2-1/2"]
[WhiteElo "2368"]
[BlackElo "2421"]
[PlyCount "87"]
[EventDate "2013.07.23"]
[EventType "swiss"]
[EventRounds "11"]
[EventCountry "SER"]
[Source "lmi"]
[SourceDate "2013.07.22"]

1. d4 Nf6 2. c4 c5 3. d5 g6 4. Nc3 Bg7 5. e4 O-O 6. Nf3 e6 7. Nd2 Re8 8. Be2 d6
9. O-O Na6 10. f4 exd5 11. cxd5 Nc7 12. a4 Rb8 13. Bf3 a6 14. Nc4 b5 15. axb5
axb5 16. Na5 Bd7 17. e5 dxe5 18. d6 e4 19. dxc7 Qxc7 20. Be2 c4 21. Be3 Be6 22.
b4 Red8 23. Qc2 Bg4 24. Nxb5 Rxb5 25. Qxc4 Qxc4 26. Bxc4 Nd5 27. Rad1 Bxd1 28.
Rxd1 Rxb4 29. Bxd5 Rdb8 30. Nc6 Rb1 31. Rxb1 Rxb1+ 32. Kf2 Rb2+ 33. Kf1 Rb1+
34. Kf2 Rb2+ 35. Kg3 Re2 36. Ba7 Bf6 37. Ne5 Bxe5 38. fxe5 Kg7 39. Bd4 Kf8 40.
Bc5+ Kg7 41. Be7 Kg8 42. h4 Kg7 43. Bf6+ Kf8 44. Bg5 1/2-1/2

[Event "Europa ch Femenino 2013"]
[Site "Belgrado SER"]
[Date "2013.07.25"]
[Round "3.2"]
[White "Matnadze, Ana"]
[Black "Mammadova, Gulnar"]
[Result "1/2-1/2"]
[WhiteElo "2412"]
[BlackElo "2322"]
[PlyCount "86"]
[EventDate "2013.07.23"]
[EventType "swiss"]
[EventRounds "11"]
[EventCountry "SER"]
[Source "lmi"]
[SourceDate "2013.07.22"]

1. d4 d5 2. g3 Nf6 3. Bg2 c6 4. Nf3 Bf5 5. O-O e6 6. c4 Nbd7 7. Nc3 dxc4 8. Nh4
Bg4 9. h3 Bh5 10. g4 Nd5 11. e4 Nxc3 12. bxc3 Qxh4 13. gxh5 Nf6 14. Rb1 b5 15.
a4 a6 16. d5 Rd8 17. axb5 cxb5 18. Qd4 Be7 19. Qa7 Nxe4 20. dxe6 fxe6 21. Qxa6
Nd6 22. Qc6+ Kf7 23. Qf3+ Qf6 24. Bf4 Rhf8 25. Bxd6 Rxd6 26. Rxb5 Kg8 27. Qxf6
Bxf6 28. Rc5 Bxc3 29. Rxc4 Bd4 30. Rc2 e5 31. Rfc1 Rdf6 32. Bd5+ Kh8 33. Rc8 g6
34. Rxf8+ Rxf8 35. Rc2 gxh5 36. Kg2 h4 37. Be4 h6 38. Bb7 Kg7 39. Bd5 Rf6 40.
Be4 h5 41. Bf3 Rg6+ 42. Kf1 Kh6 43. Rc6 Rxc6 1/2-1/2

[Event "Europa ch Femenino 2013"]
[Site "Belgrado SER"]
[Date "2013.07.25"]
[Round "3.3"]
[White "Daulyte, Deimante"]
[Black "Kovalevskaya, Ekaterina"]
[Result "1/2-1/2"]
[WhiteElo "2363"]
[BlackElo "2407"]
[PlyCount "81"]
[EventDate "2013.07.23"]
[EventType "swiss"]
[EventRounds "11"]
[EventCountry "SER"]
[Source "lmi"]
[SourceDate "2013.07.22"]

1. e4 c5 2. Nc3 Nc6 3. Bb5 g6 4. Bxc6 dxc6 5. d3 Bg7 6. f4 c4 7. Nf3 cxd3 8.
cxd3 Bg4 9. O-O Qb6+ 10. Kh1 Rd8 11. Qe2 Qa6 12. Rd1 Nf6 13. Be3 O-O 14. Rd2
Bxf3 15. Qxf3 Rxd3 16. Rxd3 Qxd3 17. Rd1 Qc2 18. e5 Nd5 19. Nxd5 cxd5 20. Qxd5
e6 21. Qd2 Qxd2 22. Rxd2 f6 23. exf6 Bxf6 24. g3 a6 25. b3 e5 26. fxe5 Bxe5 27.
Kg2 Kg7 28. Rd7+ Rf7 29. Bh6+ Kf6 30. Bg5+ Ke6 31. Rxf7 Kxf7 32. Kf3 Ke6 33.
Ke4 Bb2 34. Bf4 Bg7 35. g4 Bb2 36. h3 Bg7 37. Bg3 Bb2 38. Bf4 Bg7 39. Bg3 Bb2
40. Bf4 Bg7 41. Bg3 1/2-1/2

[Event "Europa ch Femenino 2013"]
[Site "Belgrado SER"]
[Date "2013.07.25"]
[Round "3.4"]
[White "Kursova, Maria"]
[Black "Bulmaga, Irina"]
[Result "1/2-1/2"]
[WhiteElo "2351"]
[BlackElo "2403"]
[PlyCount "135"]
[EventDate "2013.07.23"]
[EventType "swiss"]
[EventRounds "11"]
[EventCountry "SER"]
[Source "lmi"]
[SourceDate "2013.07.22"]

1. d4 Nf6 2. Nf3 e6 3. c4 b6 4. g3 Ba6 5. b3 d5 6. Bg2 Bb4+ 7. Bd2 Be7 8. cxd5
exd5 9. Nc3 O-O 10. O-O Bb7 11. Bc1 Nbd7 12. Bb2 Re8 13. Rc1 Nf8 14. Rc2 Ne6
15. e3 Ne4 16. Ne2 a5 17. Ne5 a4 18. Nc6 Qd6 19. Qc1 axb3 20. axb3 Bxc6 21.
Rxc6 Qd7 22. Rc2 Qb5 23. f3 Nf6 24. e4 Qxb3 25. e5 Ra2 26. Rf2 Nd7 27. f4 Ba3
28. Rf3 Qxb2 29. Rxb2 Bxb2 30. Qc6 Rd8 31. Qxd5 Ra1+ 32. Rf1 Ndc5 33. Qc6 Nxd4
34. Nxd4 Bxd4+ 35. Kh1 Rxf1+ 36. Bxf1 Ne6 37. Bc4 Nf8 38. Qxc7 Rd7 39. Qc8 Re7
40. h4 Bc5 41. h5 h6 42. Kg2 Bb4 43. Kf3 Bc5 44. Qb8 Rd7 45. e6 Rd4 46. Qe8
Rxc4 47. Qxf7+ Kh8 48. e7 Rc3+ 49. Kg4 Bxe7 50. Qxe7 Rc8 51. Qb7 Re8 52. Qxb6
Nh7 53. Kh4 Rf8 54. Qb4 Kg8 55. g4 Kh8 56. Kh3 Kg8 57. Kg3 Rf6 58. Qb8+ Rf8 59.
Qe5 Rf6 60. g5 hxg5 61. fxg5 Nxg5 62. Qxg5 Kh7 63. Kg4 Kh8 64. Qe5 Kh7 65. Kg5
Kh8 66. Qe4 Kg8 67. Qe8+ Kh7 68. Qe7 1/2-1/2

[Event "Europa ch Femenino 2013"]
[Site "Belgrado SER"]
[Date "2013.07.25"]
[Round "3.5"]
[White "Rogule, Laura"]
[Black "Goryachkina, Aleksandra"]
[Result "0-1"]
[WhiteElo "2329"]
[BlackElo "2401"]
[PlyCount "44"]
[EventDate "2013.07.23"]
[EventType "swiss"]
[EventRounds "11"]
[EventCountry "SER"]
[Source "lmi"]
[SourceDate "2013.07.22"]

1. c4 c6 2. Nf3 d5 3. e3 Nf6 4. Nc3 e6 5. b3 Nbd7 6. Qc2 Bd6 7. Bb2 Qe7 8. a3
a6 9. d4 O-O 10. Be2 b6 11. e4 e5 12. O-O Bb7 13. Rfe1 dxe4 14. dxe5 Nxe5 15.
Nxe4 Nxe4 16. Qxe4 c5 17. Qf5 Ng6 18. Bd3 Qc7 19. h4 Rae8 20. Ng5 Bh2+ 21. Kf1
Bxg2+ 22. Kxg2 Nxh4+ 0-1

[Event "Europa ch Femenino 2013"]
[Site "Belgrado SER"]
[Date "2013.07.25"]
[Round "3.6"]
[White "Dolzhikova, Olga"]
[Black "Gaponenko, Inna"]
[Result "0-1"]
[WhiteElo "2244"]
[BlackElo "2393"]
[PlyCount "74"]
[EventDate "2013.07.23"]
[EventType "swiss"]
[EventRounds "11"]
[EventCountry "SER"]
[Source "lmi"]
[SourceDate "2013.07.22"]

1. e4 c5 2. c3 Nf6 3. e5 Nd5 4. d4 cxd4 5. Qxd4 e6 6. Nf3 Nc6 7. Qe4 f5 8. Qe2
b6 9. g3 a5 10. Bg2 Ba6 11. c4 Bc5 12. O-O O-O 13. Rd1 a4 14. b3 f4 15. Qe4
fxg3 16. hxg3 Nde7 17. Bf4 Ng6 18. Ng5 Qe8 19. Nc3 axb3 20. axb3 Bb7 21. Rxa8
Bxa8 22. Na4 h6 23. Nh3 Ncxe5 24. Qxa8 Qxa8 25. Bxa8 Rxa8 26. Nxc5 bxc5 27.
Bxe5 Nxe5 28. f4 Nf3+ 29. Kf2 Nd4 30. b4 Ra2+ 31. Kf1 d6 32. Nf2 Nf5 33. Rb1
Nxg3+ 34. Kg1 cxb4 35. Rxb4 Ne2+ 36. Kf1 Nxf4 37. Ne4 Ra1+ 0-1

[Event "Europa ch Femenino 2013"]
[Site "Belgrado SER"]
[Date "2013.07.25"]
[Round "3.7"]
[White "Zawadzka, Jolanta"]
[Black "Muzychuk, Anna"]
[Result "1/2-1/2"]
[WhiteElo "2393"]
[BlackElo "2594"]
[PlyCount "74"]
[EventDate "2013.07.23"]
[EventType "swiss"]
[EventRounds "11"]
[EventCountry "SER"]
[Source "lmi"]
[SourceDate "2013.07.22"]

1. e4 c5 2. Nf3 Nc6 3. d4 cxd4 4. Nxd4 e5 5. Nb5 a6 6. Nd6+ Bxd6 7. Qxd6 Qe7 8.
Qxe7+ Ngxe7 9. c4 Nd4 10. Bd3 d6 11. Nc3 f5 12. Be3 Nec6 13. Nd5 O-O 14. Bxd4
Nxd4 15. Ne7+ Kh8 16. Nxf5 Bxf5 17. exf5 Nxf5 18. Bxf5 Rxf5 19. Rd1 Rf6 20. Ke2
Rc8 21. b3 Kg8 22. Rd5 Kf7 23. Rhd1 Ke7 24. Ke3 b6 25. R1d2 Rc5 26. f3 Kd7 27.
Ke4 Rf4+ 28. Ke3 Rxd5 29. Rxd5 Rh4 30. h3 Kc6 31. a4 a5 32. Rd2 g5 33. Rd3 Rf4
34. Rd2 Rf6 35. Ke4 Rf4+ 36. Ke3 Rf6 37. Ke4 Rf4+ 1/2-1/2

[Event "Europa ch Femenino 2013"]
[Site "Belgrado SER"]
[Date "2013.07.25"]
[Round "3.8"]
[White "Ovod, Evgenija"]
[Black "Lagno, Kateryna"]
[Result "0-1"]
[WhiteElo "2386"]
[BlackElo "2542"]
[PlyCount "108"]
[EventDate "2013.07.23"]
[EventType "swiss"]
[EventRounds "11"]
[EventCountry "SER"]
[Source "lmi"]
[SourceDate "2013.07.22"]

1. d4 Nf6 2. Bg5 e6 3. e4 h6 4. Bxf6 Qxf6 5. Nc3 Bb4 6. a3 Bxc3+ 7. bxc3 d6 8.
Bd3 c5 9. Ne2 Nc6 10. f4 O-O 11. dxc5 e5 12. f5 dxc5 13. Qd2 Rd8 14. Qe3 Na5
15. Qxc5 Rxd3 16. cxd3 Nb3 17. Qb4 Nxa1 18. Qb2 Qd8 19. Nc1 Qb6 20. Qxa1 Qe3+
21. Kd1 Bd7 22. a4 Rc8 23. Re1 Qf2 24. Re2 Qc5 25. c4 Rc6 26. g3 Ra6 27. Ra2
Qg1+ 28. Kd2 Qxh2+ 29. Ne2 f6 30. a5 Be8 31. Kc3 Qf2 32. Qg1 Qf3 33. Qc5 Kh7
34. Rb2 Bc6 35. Kd2 Qf1 36. Ra2 Be8 37. g4 Qf3 38. Qe7 Bc6 39. Ra1 b5 40. cxb5
Bxb5 41. Ra3 Rxa5 42. g5 hxg5 43. Rxa5 Qxd3+ 44. Kc1 Qe3+ 45. Kb1 Bd3+ 46. Kb2
Qd2+ 47. Kb3 Bc2+ 48. Kc4 Qxa5 49. Nc3 Qa6+ 50. Nb5 Ba4 51. Kc3 Bxb5 52. Qf7
Qc6+ 53. Kb2 Qxe4 54. Qg6+ Kg8 0-1

[Event "Europa ch Femenino 2013"]
[Site "Belgrado SER"]
[Date "2013.07.25"]
[Round "3.9"]
[White "Kosintseva, Tatiana"]
[Black "Arakhamia-Grant, Ketevan"]
[Result "1-0"]
[WhiteElo "2528"]
[BlackElo "2385"]
[PlyCount "73"]
[EventDate "2013.07.23"]
[EventType "swiss"]
[EventRounds "11"]
[EventCountry "SER"]
[Source "lmi"]
[SourceDate "2013.07.22"]

1. e4 c5 2. Nf3 e6 3. d4 cxd4 4. Nxd4 a6 5. Nc3 Qc7 6. Bd3 Nf6 7. O-O d6 8. a4
Be7 9. a5 Nc6 10. Nb3 Nd7 11. Be3 O-O 12. Na4 Nce5 13. Nb6 Nxb6 14. Bxb6 Qd7
15. f4 Nxd3 16. Qxd3 Re8 17. Rfd1 Bf8 18. e5 d5 19. c4 Qe7 20. Rac1 Qb4 21. Nd4
Bd7 22. cxd5 exd5 23. Rc7 Bg4 24. Rf1 Rac8 25. Rxc8 Rxc8 26. f5 Rc4 27. h3 Bc5
28. Bxc5 Qxc5 29. Rf4 Bd1 30. e6 Rc1 31. Kh2 Qc7 32. Qg3 Bh5 33. f6 Bg6 34.
fxg7 Qe5 35. exf7+ Bxf7 36. Nf5 Rc6 37. Qg5 1-0

[Event "Europa ch Femenino 2013"]
[Site "Belgrado SER"]
[Date "2013.07.25"]
[Round "3.10"]
[White "Melamed, Tatjana"]
[Black "Cramling, Pia"]
[Result "1/2-1/2"]
[WhiteElo "2384"]
[BlackElo "2523"]
[PlyCount "91"]
[EventDate "2013.07.23"]
[EventType "swiss"]
[EventRounds "11"]
[EventCountry "SER"]
[Source "lmi"]
[SourceDate "2013.07.22"]

1. e4 c5 2. d3 d5 3. exd5 Qxd5 4. Nc3 Qd7 5. Nf3 Nc6 6. g3 b6 7. Bg2 Bb7 8. O-O
e6 9. Bf4 Nge7 10. d4 Ng6 11. Be3 cxd4 12. Nxd4 Bb4 13. Ncb5 Nd8 14. Bxb7 Qxb7
15. Qf3 Rb8 16. a3 Be7 17. Qxb7 Rxb7 18. f4 a6 19. Nc3 O-O 20. Rad1 Re8 21. Kg2
e5 22. Nf5 exf4 23. Nxe7+ Nxe7 24. Bxf4 Ne6 25. Nd5 Rc8 26. Nxe7+ Rxe7 27. c3
Rc6 28. Bd6 Re8 29. Bf4 h6 30. Kf3 Nc5 31. Rfe1 Rxe1 32. Rxe1 Nd3 33. Re2 Rf6
34. Rd2 Nxf4 35. gxf4 g5 36. Rd4 Kg7 37. c4 Kg6 38. b4 Rc6 39. fxg5 hxg5 40. h4
f5 41. hxg5 Kxg5 42. c5 bxc5 43. Rc4 Kf6 44. Kf4 Ke6 45. Rxc5 Rxc5 46. bxc5
1/2-1/2

[Event "Europa ch Femenino 2013"]
[Site "Belgrado SER"]
[Date "2013.07.25"]
[Round "3.11"]
[White "Cmilyte, Viktorija"]
[Black "Gvetadze, Sofio"]
[Result "1-0"]
[WhiteElo "2497"]
[BlackElo "2341"]
[PlyCount "93"]
[EventDate "2013.07.23"]
[EventType "swiss"]
[EventRounds "11"]
[EventCountry "SER"]
[Source "lmi"]
[SourceDate "2013.07.22"]

1. d4 d6 2. e4 g6 3. c4 Bg7 4. Nc3 Nd7 5. Nge2 e5 6. Be3 Ne7 7. Qc2 O-O 8.
O-O-O c6 9. h4 Qa5 10. h5 b5 11. dxe5 Nxe5 12. hxg6 hxg6 13. c5 d5 14. Bg5 f6
15. Bf4 b4 16. Na4 Be6 17. Nd4 Bf7 18. exd5 cxd5 19. b3 Rfc8 20. Kb1 Rab8 21.
g3 Rb7 22. Bd2 f5 23. Bd3 Nc4 24. Bxc4 dxc4 25. Bh6 Bf6 26. g4 cxb3 27. axb3
Nd5 28. c6 Rbb8 29. Rh3 fxg4 30. Rg3 Nc3+ 31. Nxc3 bxc3 32. Rxc3 Bxd4 33. Rxd4
Rxc6 34. Rxc6 Rxb3+ 35. Qxb3 Bxb3 36. Rdd6 Bf7 37. Be3 Qf5+ 38. Kc1 Kh7 39. Rf6
Qd7 40. Bf4 Kg7 41. Rxf7+ Qxf7 42. Rc7 Qxc7+ 43. Bxc7 Kf6 44. Kd2 Kg5 45. Kd3
Kh4 46. Bg3+ Kh3 47. Ke4 1-0

[Event "Europa ch Femenino 2013"]
[Site "Belgrado SER"]
[Date "2013.07.25"]
[Round "3.12"]
[White "Purtseladze, Maka"]
[Black "Muzychuk, Mariya"]
[Result "1/2-1/2"]
[WhiteElo "2349"]
[BlackElo "2484"]
[PlyCount "149"]
[EventDate "2013.07.23"]
[EventType "swiss"]
[EventRounds "11"]
[EventCountry "SER"]
[Source "lmi"]
[SourceDate "2013.07.22"]

1. Nf3 c5 2. b3 Nc6 3. Bb2 d5 4. e3 Nf6 5. Bb5 e6 6. Bxc6+ bxc6 7. d3 Bd6 8.
Nbd2 O-O 9. e4 Nd7 10. e5 Bc7 11. O-O f6 12. Qe2 f5 13. c4 a5 14. Rfc1 d4 15.
h3 g5 16. Ba3 h5 17. h4 g4 18. Ng5 Nxe5 19. Bxc5 Re8 20. a3 Ng6 21. g3 Bd6 22.
Bxd6 Qxd6 23. c5 Qe5 24. Qf1 Ba6 25. b4 Qb8 26. Nc4 Bxc4 27. Rxc4 Qd8 28. Re1
Qd5 29. Qg2 Qxg2+ 30. Kxg2 axb4 31. Rxb4 e5 32. a4 Re7 33. Rb6 Rc8 34. a5 Ra7
35. a6 Rca8 36. Rxc6 Rxa6 37. Rb6 Rxb6 38. cxb6 Rb8 39. Rb1 Nf8 40. b7 Nd7 41.
Ne6 Kf7 42. Nc7 Rf8 43. Rb5 Kf6 44. Na6 Nb8 45. Rb6+ Ke7 46. Nxb8 Rxb8 47. Rh6
Kf7 48. Kf1 Kg7 49. Rb6 e4 50. Ke2 Kh7 51. Kd2 Kg7 52. dxe4 fxe4 53. Kc2 Kh7
54. Kb3 d3 55. Kc3 Kg7 56. Kd2 Kh7 57. Ke3 Kg7 58. Rb2 Kg6 59. Kxe4 d2 60. Rxd2
Rxb7 61. Rd6+ Kg7 62. f4 gxf3 63. Kxf3 Rf7+ 64. Ke4 Rf1 65. Rd5 Kg6 66. Rg5+
Kh6 67. Rf5 Re1+ 68. Kf4 Rf1+ 69. Ke5 Re1+ 70. Kf6 Re3 71. Rg5 Rf3+ 72. Ke5 Ra3
73. Kf4 Ra4+ 74. Kf3 Ra3+ 75. Kf4 1/2-1/2

[Event "Europa ch Femenino 2013"]
[Site "Belgrado SER"]
[Date "2013.07.25"]
[Round "3.1"]
[White "Kashlinskaya, Alina"]
[Black "Zhukova, Natalia"]
[Result "1-0"]
[WhiteElo "2334"]
[BlackElo "2471"]
[PlyCount "89"]
[EventDate "2013.07.23"]
[EventType "swiss"]
[EventRounds "11"]
[EventCountry "SER"]
[Source "lmi"]
[SourceDate "2013.07.22"]

1. d4 Nf6 2. c4 e6 3. Nc3 c5 4. Nf3 cxd4 5. Nxd4 Nc6 6. g3 Qb6 7. e3 Bb4 8. Bg2
d5 9. cxd5 Nxd5 10. O-O Bxc3 11. bxc3 O-O 12. c4 Nf6 13. Ba3 Rd8 14. Bxc6 bxc6
15. Be7 Re8 16. Rb1 Qc7 17. Bxf6 gxf6 18. Qg4+ Kf8 19. Qf3 e5 20. Nxc6 Bb7 21.
Rxb7 Qxb7 22. Qxf6 Kg8 23. Qg5+ Kh8 24. Qf6+ Kg8 25. Nxe5 Qe7 26. Ng4 h5 27.
Nh6+ Kh7 28. Qf4 Kg6 29. Nf5 Qe5 30. Nd6 Qxf4 31. gxf4 Re7 32. Rd1 Rb8 33. Rd5
f6 34. c5 Rb1+ 35. Kg2 Rc1 36. Nb5 Rb7 37. Nd4 Rb2 38. c6 Rxa2 39. Rd7 Ra5 40.
Nb3 Rac5 41. Nxc5 Rxc5 42. c7 a5 43. h4 a4 44. f5+ Kh6 45. Rf7 1-0

[Event "Europa ch Femenino 2013"]
[Site "Belgrado SER"]
[Date "2013.07.25"]
[Round "3.2"]
[White "Hoang, Thanh Trang"]
[Black "Kochetkova, Julia"]
[Result "1-0"]
[WhiteElo "2467"]
[BlackElo "2328"]
[PlyCount "87"]
[EventDate "2013.07.23"]
[EventType "swiss"]
[EventRounds "11"]
[EventCountry "SER"]
[Source "lmi"]
[SourceDate "2013.07.22"]

1. d4 d5 2. c4 e6 3. Nf3 Nf6 4. g3 Bb4+ 5. Bd2 Be7 6. Bg2 c6 7. Qc2 Nbd7 8. O-O
b6 9. Bf4 Ba6 10. Ne5 Nxe5 11. dxe5 Nd7 12. cxd5 cxd5 13. Rd1 g5 14. Bc1 O-O
15. e4 Rc8 16. Nc3 d4 17. Rxd4 Qc7 18. Qa4 Nc5 19. Qd1 Qxe5 20. f4 Qg7 21. fxg5
Rfd8 22. Rxd8+ Rxd8 23. Qf3 Nd3 24. Bf1 Bc5+ 25. Be3 Qxg5 26. Bxc5 Qxc5+ 27.
Kh1 Qd4 28. Rd1 Kg7 29. Kg2 f5 30. exf5 exf5 31. h3 Rd7 32. Kh2 Bb7 33. Qxf5
Rf7 34. Rxd3 Rxf5 35. Rxd4 Rxf1 36. Rd7+ Rf7 37. Rd2 Rf1 38. g4 Kg6 39. Kg3 Rf6
40. Nb5 a6 41. Nd6 Bc6 42. Nc4 h5 43. Ne5+ Kg7 44. g5 1-0

[Event "Europa ch Femenino 2013"]
[Site "Belgrado SER"]
[Date "2013.07.25"]
[Round "3.3"]
[White "Galojan, Lilit"]
[Black "Javakhishvili, Lela"]
[Result "1/2-1/2"]
[WhiteElo "2320"]
[BlackElo "2465"]
[PlyCount "96"]
[EventDate "2013.07.23"]
[EventType "swiss"]
[EventRounds "11"]
[EventCountry "SER"]
[Source "lmi"]
[SourceDate "2013.07.22"]

1. d4 Nf6 2. c4 e6 3. Nc3 Bb4 4. e3 O-O 5. Bd3 d5 6. Nf3 c5 7. O-O Nc6 8. a3
Bxc3 9. bxc3 dxc4 10. Bxc4 Qc7 11. a4 Rd8 12. Qe2 e5 13. Ng5 Bg4 14. Qa2 Bh5
15. dxc5 e4 16. Nh3 Ne5 17. Nf4 Qxc5 18. Nxh5 Nxh5 19. Be2 Nf6 20. Ba3 Qc7 21.
h3 Nd3 22. c4 b6 23. a5 Nd7 24. Bb2 bxa5 25. Bd4 N7e5 26. Bxd3 exd3 27. Bxe5
Qxe5 28. Qxa5 Qe4 29. c5 Qd5 30. Rfd1 Rac8 31. Rac1 Rd7 32. Rd2 Rdc7 33. Qa3
Rxc5 34. Rxc5 Qxc5 35. Rxd3 Qxa3 36. Rxa3 Ra8 37. Kf1 a5 38. Ke2 Kf8 39. Kd3
Ke7 40. Ra4 Kd6 41. h4 Ra7 42. Rd4+ Kc5 43. Kc3 h5 44. g4 hxg4 45. Rxg4 g6 46.
h5 gxh5 47. Rg5+ Kd6 48. Rxh5 Ke6 1/2-1/2

[Event "Europa ch Femenino 2013"]
[Site "Belgrado SER"]
[Date "2013.07.25"]
[Round "3.4"]
[White "Mkrtchian, Lilit"]
[Black "Arabidze, Meri"]
[Result "1-0"]
[WhiteElo "2454"]
[BlackElo "2320"]
[PlyCount "89"]
[EventDate "2013.07.23"]
[EventType "swiss"]
[EventRounds "11"]
[EventCountry "SER"]
[Source "lmi"]
[SourceDate "2013.07.22"]

1. Nf3 f5 2. g3 Nf6 3. Bg2 e6 4. c4 d5 5. d3 Nc6 6. O-O d4 7. e3 Bc5 8. exd4
Nxd4 9. Nxd4 Bxd4 10. Nd2 O-O 11. Nf3 e5 12. Qe2 Re8 13. Bg5 Bb6 14. Bxf6 gxf6
15. Nh4 Kh8 16. Qf3 f4 17. gxf4 Rg8 18. f5 Qd4 19. Qh5 Qg4 20. Qh6 Qg5 21. Qxg5
Rxg5 22. Rae1 Bd7 23. Kh1 Rh5 24. Re4 Rg8 25. Bf3 Rh6 26. b4 Bc6 27. Ng2 Bxe4
28. Bxe4 Bd4 29. h4 Rh5 30. Kh2 Bc3 31. b5 a6 32. a4 axb5 33. axb5 Bd4 34. Kh3
Bc5 35. Ne3 Bxe3 36. fxe3 Rgg5 37. Ra1 Kg7 38. Ra7 Rh6 39. Rxb7 Rgh5 40. Rxc7+
Kf8 41. b6 Rxh4+ 42. Kg3 R4h5 43. b7 Rg5+ 44. Kf2 Rh2+ 45. Kf1 1-0

[Event "Europa ch Femenino 2013"]
[Site "Belgrado SER"]
[Date "2013.07.25"]
[Round "3.5"]
[White "Khurtsidze, Nino"]
[Black "Sedina, Elena"]
[Result "1-0"]
[WhiteElo "2443"]
[BlackElo "2313"]
[PlyCount "59"]
[EventDate "2013.07.23"]
[EventType "swiss"]
[EventRounds "11"]
[EventCountry "SER"]
[Source "lmi"]
[SourceDate "2013.07.22"]

1. c4 c6 2. e4 d5 3. exd5 cxd5 4. d4 Nf6 5. Nc3 g6 6. cxd5 Bg7 7. Bb5+ Nbd7 8.
d6 exd6 9. Qe2+ Kf8 10. Nf3 Nb6 11. O-O h6 12. Bf4 Kg8 13. Bd3 Nbd5 14. Nxd5
Nxd5 15. Bg3 Kh7 16. Rfe1 Qb6 17. h4 Nb4 18. Ng5+ hxg5 19. Qh5+ Bh6 20. Bxg6+
Kg7 21. Bxf7 Bf5 22. hxg5 Raf8 23. Re7 Nc6 24. gxh6+ Rxh6 25. Qg5+ Bg6 26.
Bxg6+ Nxe7 27. Qxe7+ Kg8 28. Qg5 Qxb2 29. Rb1 Qxd4 30. Qxh6 1-0

[Event "Europa ch Femenino 2013"]
[Site "Belgrado SER"]
[Date "2013.07.25"]
[Round "3.6"]
[White "Videnova, Iva"]
[Black "Bodnaruk, Anastasia"]
[Result "0-1"]
[WhiteElo "2301"]
[BlackElo "2440"]
[PlyCount "78"]
[EventDate "2013.07.23"]
[EventType "swiss"]
[EventRounds "11"]
[EventCountry "SER"]
[Source "lmi"]
[SourceDate "2013.07.22"]

1. e4 c5 2. Nf3 d6 3. d4 cxd4 4. Nxd4 Nf6 5. Nc3 a6 6. Bg5 Nbd7 7. f4 Qc7 8.
Qf3 h6 9. Bh4 g5 10. fxg5 hxg5 11. Bxg5 Qc5 12. Bxf6 Nxf6 13. Qd3 Bh6 14. Be2
e6 15. Nb3 Qe5 16. Rf1 Ke7 17. g3 Bd7 18. Qd4 b5 19. Qxe5 dxe5 20. a3 Rac8 21.
Rd1 Bc6 22. Bf3 Ba8 23. Kf2 Nd7 24. Rd3 Nb6 25. Na5 Na4 26. Rb1 Rc7 27. Kf1 Nc5
28. Rdd1 f5 29. Nb3 Nxe4 30. Bxe4 fxe4 31. Nd2 Rxc3 32. bxc3 e3 33. Nb3 Rf8+
34. Ke1 Rf2 35. Nc5 Rxh2 36. Rd7+ Kf6 37. Rb4 Bf3 38. Rh4 Rxh4 39. gxh4 Bf4 0-1